000
00499nam a2200145Ia 4500
008
100204s9999 xx 000 0 und d
082
_b
11790
100
_a
अभ्यंकर कुसुम
245
_a
हरे राम हरे कृष्ण
260
_b
"शशीदीप प्रकाशन , पुणे"
_c
1989 2
300
_a
212
630
_a
हरे राम हरे कृष्ण
730
_a
हरे राम हरे कृष्ण
942
_c
BOOK
999
_c
456202
_d
456199